[Event "Chess Stars 5.0 Blitz"]
[Site "Moscow RUS"]
[Date "2025.06.29"]
[Round "1.1"]
[White "Assaubayeva, Bibisara"]
[Black "Gunina, Valentina"]
[Result "0-1"]
[WhiteTitle "IM"]
[BlackTitle "GM"]
[WhiteElo "2509"]
[BlackElo "2416"]
[WhiteFideId "13708694"]
[BlackFideId "4167570"]
[EventDate "2025.06.29"]

1. e4 c6 2. d4 d5 3. e5 c5 4. Qh5 Nc6 5. dxc5 e6 6. Nf3 Bxc5 7. Bd3 Nb4 8. O-O
Nxd3 9. cxd3 Ne7 10. d4 Bb6 11. Bg5 Bd7 12. Nc3 Bc6 13. Rac1 Qd7 14. Rfd1 O-O
15. Qg4 Kh8 16. Ne2 f5 17. exf6 gxf6 18. Bh6 Rf7 19. Ng3 Rg8 20. Qh3 Ng6 21. Re1
e5 22. Qxd7 Bxd7 23. dxe5 fxe5 24. Be3 d4 25. Bd2 Re8 26. Ne4 Rxf3 27. gxf3 Nh4
28. Red1 Nxf3+ 29. Kf1 Bb5+ 30. Kg2 Be2 31. Re1 Rg8+ 32. Ng3 d3 33. Kh1 Nxe1 34.
Bxe1 Bf3+ 35. Kg1 h5 36. h4 e4 37. Kf1 Rxg3 38. fxg3 e3 39. Rc8+ Kh7 40. Re8 e2+ 0-1

[Event "Chess Stars 5.0 Blitz"]
[Site "Moscow RUS"]
[Date "2025.06.29"]
[Round "1.2"]
[White "Tomashevsky, Evgeny"]
[Black "Lagno, Kateryna"]
[Result "1/2-1/2"]
[WhiteTitle "GM"]
[BlackTitle "GM"]
[WhiteElo "2681"]
[BlackElo "2515"]
[WhiteFideId "4147235"]
[BlackFideId "14109336"]
[EventDate "2025.06.29"]

1. d4 Nf6 2. c4 c5 3. d5 b5 4. cxb5 a6 5. b6 e6 6. Nc3 Nxd5 7. Nxd5 exd5 8. Qxd5
Nc6 9. Nf3 Rb8 10. e4 Be7 11. Bc4 O-O 12. O-O Rxb6 13. Rd1 d6 14. Qh5 Be6 15.
Bxe6 fxe6 16. Ng5 Bxg5 17. Bxg5 Qd7 18. Be3 Nd4 19. Bxd4 cxd4 20. b3 e5 21. Rac1
Rc6 22. Qe2 Rfc8 23. Rxc6 Qxc6 24. h3 a5 25. Qg4 Qc2 26. Rd3 Rf8 27. Qe6+ Kh8
28. Rf3 Qc8 29. Qxd6 Rxf3 30. gxf3 Qc1+ 31. Kh2 Qf4+ 1/2-1/2

[Event "Chess Stars 5.0 Blitz"]
[Site "Moscow RUS"]
[Date "2025.06.29"]
[Round "1.3"]
[White "Artemiev, Vladislav"]
[Black "Goryachkina, Aleksandra"]
[Result "1-0"]
[WhiteTitle "GM"]
[BlackTitle "GM"]
[WhiteElo "2676"]
[BlackElo "2533"]
[WhiteFideId "24101605"]
[BlackFideId "4147103"]
[EventDate "2025.06.29"]

1. b3 d5 2. Bb2 Bf5 3. d3 e6 4. Nd2 Nf6 5. g3 h6 6. Bg2 Be7 7. e4 Bh7 8. Qe2 O-O
9. Nh3 a5 10. a3 Nc6 11. O-O dxe4 12. dxe4 Nd4 13. Qd3 e5 14. Nc4 Nc6 15. Nxe5
Nxe5 16. Bxe5 Nd7 17. Bb2 Bf6 18. Bxf6 Nxf6 19. f3 Qe7 20. Qc3 Rfd8 21. Nf2 c6
22. a4 Qc7 23. Nd3 Rd7 24. Ne5 Rdd8 25. Rfd1 Nd7 26. Nxd7 Rxd7 27. Bh3 Rdd8 28.
Kf2 Bg6 29. Ke2 f6 30. Be6+ Bf7 31. Bxf7+ Qxf7 32. Qc4 Qxc4+ 33. bxc4 Kf8 34.
Rd3 Ke7 35. Rb1 Rab8 36. Ke3 Rd7 37. f4 Rbd8 38. Rbd1 Rxd3+ 39. cxd3 c5 40. Rb1
Rd7 41. Rb5 Kd6 42. Rxa5 Kc6 43. Rb5 b6 44. a5 bxa5 45. Rxa5 Rb7 46. h4 Rb1 47.
Ra7 1-0

[Event "Chess Stars 5.0 Blitz"]
[Site "Moscow RUS"]
[Date "2025.06.29"]
[Round "1.4"]
[White "Radjabov, Teimour"]
[Black "Karjakin, Sergey"]
[Result "1/2-1/2"]
[WhiteTitle "GM"]
[BlackTitle "GM"]
[WhiteElo "2692"]
[BlackElo "2750"]
[WhiteFideId "13400924"]
[BlackFideId "14109603"]
[EventDate "2025.06.29"]

1. d4 Nf6 2. c4 e6 3. Nf3 b6 4. a3 Bb7 5. Nc3 d5 6. cxd5 Nxd5 7. e3 Be7 8. Bd3
O-O 9. e4 Nxc3 10. bxc3 c5 11. O-O Qc7 12. Qe2 Rd8 13. Bb2 Nc6 14. Rad1 Na5 15.
Rfe1 h6 16. h4 Rac8 17. h5 cxd4 18. cxd4 Nc4 19. Rc1 b5 20. Ne5 Ba6 21. d5 Bf6
22. Nxc4 bxc4 23. Bxf6 gxf6 24. Qe3 Kg7 25. Bf1 exd5 26. exd5 Rxd5 27. Qh3 Rc5
28. Rc3 Rg5 29. Re4 Qc5 30. Ree3 Rc7 31. Rg3 Bc8 32. Qh4 Be6 33. Qf4 Qe5 34. Qc1
Qd4 35. Qe1 Rc5 36. Qc1 Rxg3 37. Rxg3+ Rg5 38. Rc3 Rg4 39. Re3 a5 40. Qe1 Rg5
41. Re4 Qc5 42. Qc3 Rf5 43. Rg4+ Kf8 44. Rd4 Ke7 45. Qe3 c3 46. Bd3 Re5 47. Qf4
c2 48. Bxc2 Qxc2 49. f3 Qc5 50. Kf1 Bc4+ 51. Rxc4 Qxa3 52. Rc7+ Ke8 53. Rc8+ Kd7
54. Rc1 Qd3+ 55. Kf2 Re2+ 56. Kg3 Qd6 57. Qxd6+ Kxd6 58. Rc8 Re5 59. Kh4 Rb5 60.
g4 a4 61. Ra8 Rb4 62. Ra7 Ke5 63. Rxf7 Rb1 64. Ra7 Ra1 65. Ra5+ Ke6 66. Ra6+ Ke5
67. Ra5+ Kd4 68. Kg3 a3 69. Kf4 a2 70. Ra8 Kd5 71. Kf5 Rf1 72. Rxa2 Rxf3+ 73.
Kg6 Rf4 74. Rg2 Ke6 75. Kxh6 Kf7 76. Kh7 Re4 77. h6 Rd4 78. Rg1 Rf4 79. g5 fxg5
80. Rxg5 Rf1 81. Rg7+ Kf8 1/2-1/2

[Event "Chess Stars 5.0 Blitz"]
[Site "Moscow RUS"]
[Date "2025.06.29"]
[Round "1.5"]
[White "Sadhwani, Raunak"]
[Black "Hou, Yifan"]
[Result "1-0"]
[WhiteTitle "GM"]
[BlackTitle "GM"]
[WhiteElo "2672"]
[BlackElo "2633"]
[WhiteFideId "35093487"]
[BlackFideId "8602980"]
[EventDate "2025.06.29"]

1. e4 c5 2. Nf3 d6 3. d4 cxd4 4. Nxd4 Nf6 5. Nc3 a6 6. Be3 e6 7. a3 Nc6 8. Qe2
Nxd4 9. Bxd4 e5 10. Be3 Be6 11. O-O-O Rc8 12. Qe1 Qc7 13. Bd3 Be7 14. f4 exf4
15. Bxf4 O-O 16. Kb1 Ng4 17. Qg3 Ne5 18. h4 Rfe8 19. Rhf1 Qa5 20. Nd5 Bxd5 21.
exd5 Bf6 22. Bd2 Qd8 23. Rxf6 Nxd3 24. Rxd6 Qc7 25. Bc3 Ne5 26. Rf6 Ng6 27. d6
Qd7 28. Rf3 Rc4 29. h5 Rg4 30. Qf2 Nf8 31. h6 gxh6 32. Rh3 Rg6 33. Qd4 f6 34.
Qd2 Re6 35. Bb4 Qg7 36. d7 Rxg2 37. Qxg2 Qxg2 38. d8=Q 1-0

[Event "Chess Stars 5.0 Blitz"]
[Site "Moscow RUS"]
[Date "2025.06.29"]
[Round "2.1"]
[White "Gunina, Valentina"]
[Black "Hou, Yifan"]
[Result "1-0"]
[WhiteTitle "GM"]
[BlackTitle "GM"]
[WhiteElo "2416"]
[BlackElo "2633"]
[WhiteFideId "4167570"]
[BlackFideId "8602980"]
[EventDate "2025.06.29"]

1. d4 d5 2. c4 e6 3. Nf3 Nf6 4. Nc3 a6 5. c5 b6 6. cxb6 c5 7. Bf4 Bd6 8. Bxd6
Qxd6 9. dxc5 Qxc5 10. Qd4 Qd6 11. e3 Nbd7 12. Be2 e5 13. Qd2 Nxb6 14. O-O O-O
15. Rfd1 Rd8 16. Rac1 h6 17. h3 Bb7 18. a4 Rac8 19. b3 Nbd7 20. Qb2 Qe6 21. b4
Nb6 22. a5 Nc4 23. Bxc4 dxc4 24. Nd2 Qc6 25. f3 Rd3 26. Nf1 Qd7 27. Rxd3 cxd3
28. Nd2 e4 29. Ncxe4 Nxe4 30. fxe4 Qe6 31. Rxc8+ Qxc8 32. Kf2 Bxe4 33. b5 Qf5+
34. Kg1 axb5 35. Qb4 Bb7 36. Qd4 Qd5 37. Qxd5 Bxd5 38. e4 Bb7 39. Kf2 b4 40. Ke3
Ba6 41. Nb3 Kf8 42. Nc5 Bb5 43. a6 Ke7 44. a7 Bc6 45. Kxd3 Kd6 46. Kc4 b3 47.
Nxb3 Bxe4 48. g3 Bd5+ 49. Kc3 Kc7 50. Nd4 g6 51. Nb5+ Kb7 52. Kd4 Be6 53. h4 Bd7
54. Nd6+ Kxa7 55. Nxf7 h5 56. Ke5 Kb6 57. Kf6 Bf5 58. Ne5 Kc5 59. Nxg6 Bg4 60.
Nf4 Kd4 61. Kg5 Ke4 62. Nxh5 Kf3 63. Nf6 1-0

[Event "Chess Stars 5.0 Blitz"]
[Site "Moscow RUS"]
[Date "2025.06.29"]
[Round "2.2"]
[White "Karjakin, Sergey"]
[Black "Sadhwani, Raunak"]
[Result "1-0"]
[WhiteTitle "GM"]
[BlackTitle "GM"]
[WhiteElo "2750"]
[BlackElo "2672"]
[WhiteFideId "14109603"]
[BlackFideId "35093487"]
[EventDate "2025.06.29"]

1. e4 e5 2. Nf3 Nc6 3. Bb5 Nf6 4. d3 Bc5 5. c3 O-O 6. O-O d5 7. Nbd2 dxe4 8.
dxe4 Qe7 9. b4 Bd6 10. a3 a5 11. Bb2 Be6 12. Qc2 Na7 13. Be2 Nc6 14. Nc4 Nh5 15.
g3 Nf6 16. Rad1 axb4 17. cxb4 Bh3 18. Rfe1 Ng4 19. Nxd6 cxd6 20. Qd2 Nf6 21.
Qxd6 Qxd6 22. Rxd6 Nxe4 23. Rdd1 Nf6 24. b5 Nd4 25. Nxd4 exd4 26. Rxd4 Rfe8 27.
f3 Re3 28. Kf2 Rb3 29. Rd2 Be6 30. Bf1 h5 31. Re3 Rxe3 32. Kxe3 Nd5+ 33. Kf2 Nb6
34. Rd4 Na4 35. Bc1 Nc5 36. Rh4 Nb3 37. Bb2 Rc8 38. Bd3 Nc5 39. Bc2 Nb3 40. Bd1
Rd8 41. Bxb3 Bxb3 42. Ke3 Re8+ 43. Kd2 Rd8+ 44. Kc3 Bd1 45. Rxh5 Bxf3 46. Rf5
Bh1 47. a4 Rd5 48. Rxd5 Bxd5 49. Kd4 Bg2 50. Kc5 f6 51. a5 Kf7 52. Kd6 Bf1 53.
Kc7 Bxb5 54. Kxb7 Kg6 55. h4 Kh5 56. Bc1 Kg4 57. Bf4 1-0

[Event "Chess Stars 5.0 Blitz"]
[Site "Moscow RUS"]
[Date "2025.06.29"]
[Round "2.3"]
[White "Goryachkina, Aleksandra"]
[Black "Radjabov, Teimour"]
[Result "0-1"]
[WhiteTitle "GM"]
[BlackTitle "GM"]
[WhiteElo "2533"]
[BlackElo "2692"]
[WhiteFideId "4147103"]
[BlackFideId "13400924"]
[EventDate "2025.06.29"]

1. d4 Nf6 2. c4 e6 3. Nf3 d5 4. g3 b6 5. Bg2 Bb7 6. cxd5 Nxd5 7. O-O Be7 8. Bd2
O-O 9. Nc3 Nxc3 10. Bxc3 Nd7 11. Rc1 Nf6 12. a3 Rc8 13. Qa4 a5 14. Rfd1 Bd5 15.
Be1 c6 16. Ne5 Bxg2 17. Kxg2 Qd5+ 18. Nf3 Rfd8 19. Qc4 Qd6 20. Qc2 Qd5 21. Qc4
Qh5 22. h3 h6 23. Qc2 Qd5 24. Qc4 Qd6 25. Qc2 Qb8 26. b4 axb4 27. axb4 Qb7 28.
Kg1 Nd5 29. Qb2 Qa6 30. Ne5 Qb5 31. e4 Nf6 32. f3 c5 33. dxc5 bxc5 34. Rxd8+
Rxd8 35. Bf2 Rb8 36. Qb3 Bf8 37. Kg2 Qxb4 38. Qc4 Ra8 39. Nc6 Qb6 40. Ne5 Qb4
41. Rc2 Qb1 42. Rc1 Qb7 43. Rc2 Ra1 44. Nd3 Nd7 45. Nxc5 Bxc5 46. Bxc5 Qb1 47.
Kf2 Qe1+ 48. Kg2 Qh1+ 49. Kf2 Ne5 50. Qc3 Qf1+ 51. Ke3 Re1+ 52. Kf4 f6 53. Bd4
g5# 0-1

[Event "Chess Stars 5.0 Blitz"]
[Site "Moscow RUS"]
[Date "2025.06.29"]
[Round "2.4"]
[White "Lagno, Kateryna"]
[Black "Artemiev, Vladislav"]
[Result "0-1"]
[WhiteTitle "GM"]
[BlackTitle "GM"]
[WhiteElo "2515"]
[BlackElo "2676"]
[WhiteFideId "14109336"]
[BlackFideId "24101605"]
[EventDate "2025.06.29"]

1. e4 c5 2. Nf3 e6 3. d4 cxd4 4. Nxd4 Nc6 5. Nc3 Qc7 6. Be2 a6 7. O-O b5 8. Nxc6
Qxc6 9. Be3 Bb7 10. Bf3 Qc7 11. Ne2 Nf6 12. Ng3 Bd6 13. Bd4 Be5 14. c3 h5 15.
Re1 g5 16. a4 g4 17. Be2 h4 18. Nf1 g3 19. fxg3 hxg3 20. h3 Nxe4 21. axb5 Nf2
22. Qd2 Rxh3 23. Nxg3 0-1

[Event "Chess Stars 5.0 Blitz"]
[Site "Moscow RUS"]
[Date "2025.06.29"]
[Round "2.5"]
[White "Assaubayeva, Bibisara"]
[Black "Tomashevsky, Evgeny"]
[Result "1/2-1/2"]
[WhiteTitle "IM"]
[BlackTitle "GM"]
[WhiteElo "2509"]
[BlackElo "2681"]
[WhiteFideId "13708694"]
[BlackFideId "4147235"]
[EventDate "2025.06.29"]

1. e4 e5 2. Nf3 Nc6 3. Bb5 a6 4. Ba4 Nf6 5. Nc3 Bc5 6. O-O b5 7. Bb3 O-O 8. Nd5
Nxe4 9. c3 Bb7 10. d4 exd4 11. cxd4 Be7 12. Re1 Nf6 13. Nxe7+ Nxe7 14. Bg5 Ng6
15. Qd3 Bxf3 16. Qxf3 d5 17. Rac1 Qd6 18. Bxf6 gxf6 19. g3 c6 20. h4 Rfe8 21. h5
Nf8 22. Qf5 h6 23. Kg2 Kg7 24. Qg4+ Kh8 25. Qf5 Kg7 26. Qg4+ Kh8 27. Qf5 1/2-1/2

[Event "Chess Stars 5.0 Blitz"]
[Site "Moscow RUS"]
[Date "2025.06.29"]
[Round "3.2"]
[White "Artemiev, Vladislav"]
[Black "Assaubayeva, Bibisara"]
[Result "1-0"]
[WhiteTitle "GM"]
[BlackTitle "IM"]
[WhiteElo "2676"]
[BlackElo "2509"]
[WhiteFideId "24101605"]
[BlackFideId "13708694"]
[EventDate "2025.06.29"]

1. g3 Nf6 2. Bg2 g6 3. e4 d6 4. d4 Bg7 5. Nc3 O-O 6. Nge2 c5 7. dxc5 dxc5 8.
Qxd8 Rxd8 9. e5 Ne8 10. f4 Nc7 11. Be3 Ne6 12. Kf2 Nc6 13. Rhd1 Bd7 14. Ne4 b6
15. Nxc5 Nxc5 16. Bxc5 bxc5 17. Rxd7 Rxd7 18. Bxc6 Rad8 19. Bxd7 Rxd7 20. Ke1 f6
21. exf6 Bxf6 22. c3 Rb7 23. b3 e5 24. fxe5 Bxe5 25. Rd1 c4 26. b4 Re7 27. Kf2
Rf7+ 28. Kg2 Re7 29. Rd8+ Kf7 30. Rc8 Bc7 31. Nd4 h5 1-0

[Event "Chess Stars 5.0 Blitz"]
[Site "Moscow RUS"]
[Date "2025.06.29"]
[Round "3.3"]
[White "Radjabov, Teimour"]
[Black "Lagno, Kateryna"]
[Result "1-0"]
[WhiteTitle "GM"]
[BlackTitle "GM"]
[WhiteElo "2692"]
[BlackElo "2515"]
[WhiteFideId "13400924"]
[BlackFideId "14109336"]
[EventDate "2025.06.29"]

1. c4 e6 2. d4 d5 3. Nc3 Nf6 4. cxd5 exd5 5. Bg5 c6 6. e3 Be7 7. Bd3 O-O 8. Qc2
h6 9. Bh4 Ne8 10. Bg3 Bd6 11. Nf3 Nd7 12. Rc1 Qe7 13. Bh4 Ndf6 14. O-O Bg4 15.
Nd2 g5 16. Bg3 Bxg3 17. hxg3 Nd6 18. Rce1 Be6 19. Qd1 b5 20. Qe2 Rae8 21. b3 Bc8
22. Bb1 a5 23. Bd3 a4 24. Rc1 axb3 25. axb3 Bd7 26. Rfe1 Qd8 27. Ra1 Qe7 28. Qf1
Nfe4 29. Bxe4 dxe4 30. Ra7 Qe6 31. Ncxe4 Nxe4 32. Nxe4 Qxe4 33. Rxd7 Qe6 34. Rc7
Rc8 35. Rxc8 Rxc8 36. Qd3 Ra8 37. Qc2 Ra3 38. Rb1 Qd5 39. Qb2 Ra6 40. Rc1 b4 41.
Kh2 Ra3 42. Rc4 Qa5 43. d5 Qxd5 44. Rxb4 Ra8 45. Qf6 Kh7 46. Rc4 Rc8 47. e4 Qd7
48. b4 Rb8 49. Rxc6 Rxb4 50. Qxh6+ Kg8 51. Qxg5+ Kf8 52. Qc5+ 1-0

[Event "Chess Stars 5.0 Blitz"]
[Site "Moscow RUS"]
[Date "2025.06.29"]
[Round "3.4"]
[White "Sadhwani, Raunak"]
[Black "Goryachkina, Aleksandra"]
[Result "1-0"]
[WhiteTitle "GM"]
[BlackTitle "GM"]
[WhiteElo "2672"]
[BlackElo "2533"]
[WhiteFideId "35093487"]
[BlackFideId "4147103"]
[EventDate "2025.06.29"]

1. e4 c6 2. d4 d5 3. e5 Bf5 4. Nf3 e6 5. Be2 Ne7 6. Nh4 Bg6 7. O-O Nd7 8. a4 a5
9. c3 c5 10. Na3 Nc6 11. Nxg6 hxg6 12. Nb5 Be7 13. Be3 O-O 14. g3 Rc8 15. h4
cxd4 16. cxd4 Qb6 17. Bd3 Nb4 18. Bb1 Rfd8 19. Ra3 Nf8 20. Rc3 Rxc3 21. bxc3 Nc6
22. h5 Na7 23. hxg6 fxg6 24. Nxa7 Qxa7 25. Qg4 b6 26. Bxg6 Nxg6 27. Qxe6+ Kh7
28. Kg2 Rf8 29. Rh1+ Bh4 30. Qxd5 Qe7 31. Qe4 Qe8 32. Rxh4+ Kg8 33. Rg4 Ne7 34.
d5 Nf5 35. Bxb6 Qb8 36. Bc5 Rf7 37. e6 Rf6 38. e7 Qe8 39. Rf4 1-0

[Event "Chess Stars 5.0 Blitz"]
[Site "Moscow RUS"]
[Date "2025.06.29"]
[Round "3.5"]
[White "Hou, Yifan"]
[Black "Karjakin, Sergey"]
[Result "1/2-1/2"]
[WhiteTitle "GM"]
[BlackTitle "GM"]
[WhiteElo "2633"]
[BlackElo "2750"]
[WhiteFideId "8602980"]
[BlackFideId "14109603"]
[EventDate "2025.06.29"]

1. e4 c5 2. Nf3 d6 3. d4 cxd4 4. Nxd4 Nf6 5. Nc3 a6 6. a4 e5 7. Nf3 Be7 8. Bg5
Be6 9. Bxf6 Bxf6 10. Nd5 Nd7 11. Bc4 Rc8 12. b3 Nb6 13. Nxf6+ Qxf6 14. Bxe6 Qxe6
15. O-O O-O 16. Qd3 Nd7 17. Rfd1 Rc6 18. Nd2 Rd8 19. Nc4 Nf6 20. Ne3 g6 21. f3
h5 22. Rd2 Qc8 23. Qe2 Rc3 24. Nd1 Rc5 25. Ne3 b5 26. axb5 axb5 27. c4 bxc4 28.
bxc4 Kg7 29. Qf2 Qc7 30. Nd5 Nxd5 31. cxd5 Rc1+ 32. Rd1 Rc2 33. Rd2 Rc3 34. h4
Rc8 35. Kh2 Qe7 36. Ra7 Qf6 37. Qg3 Rc1 38. Rb2 R8c7 39. Rxc7 Rxc7 40. Ra2 1/2-1/2

[Event "Chess Stars 5.0 Blitz"]
[Site "Moscow RUS"]
[Date "2025.06.29"]
[Round "4.1"]
[White "Gunina, Valentina"]
[Black "Karjakin, Sergey"]
[Result "0-1"]
[WhiteTitle "GM"]
[BlackTitle "GM"]
[WhiteElo "2416"]
[BlackElo "2750"]
[WhiteFideId "4167570"]
[BlackFideId "14109603"]
[EventDate "2025.06.29"]

1. d4 Nf6 2. c4 e6 3. Nf3 d5 4. Nc3 c6 5. Bg5 Nbd7 6. e3 Qa5 7. Nd2 dxc4 8. Bxf6
Nxf6 9. Nxc4 Qc7 10. Be2 Be7 11. Rc1 O-O 12. O-O Rd8 13. Qc2 Bd7 14. e4 b5 15.
Ne3 Qb6 16. e5 Nd5 17. Qd2 Rac8 18. Ne4 Be8 19. Nc5 Nf4 20. Nb3 c5 21. Nc2 Bg5 0-1

[Event "Chess Stars 5.0 Blitz"]
[Site "Moscow RUS"]
[Date "2025.06.29"]
[Round "4.2"]
[White "Goryachkina, Aleksandra"]
[Black "Hou, Yifan"]
[Result "1-0"]
[WhiteTitle "GM"]
[BlackTitle "GM"]
[WhiteElo "2533"]
[BlackElo "2633"]
[WhiteFideId "4147103"]
[BlackFideId "8602980"]
[EventDate "2025.06.29"]

1. e4 c5 2. Nf3 e6 3. c3 d5 4. exd5 Qxd5 5. d4 Nf6 6. Na3 a6 7. Nc4 Nbd7 8. a4
cxd4 9. Qxd4 Bc5 10. Qh4 O-O 11. Be2 b6 12. O-O Bb7 13. Be3 Qc6 14. Bxc5 Nxc5
15. Nce5 Qc7 16. Rad1 h6 17. Rd4 Rad8 18. Rfd1 Nce4 19. h3 Rxd4 20. Rxd4 Rd8 21.
Rxd8+ Qxd8 22. Ng4 Qd6 23. Nxf6+ Nxf6 24. Qd4 Qxd4 25. Nxd4 Kf8 26. Nb3 Nd7 27.
a5 b5 28. f3 Ke7 29. Kf2 Kd6 30. Ke3 Bd5 31. Nd2 Nc5 32. b4 Nd7 33. c4 bxc4 34.
Nxc4+ Kc7 35. Kd4 f6 36. h4 Bb7 37. g4 e5+ 38. Kc3 Nf8 39. Ne3 Ne6 40. Bd1 Nf4
41. Nf5 Nd5+ 42. Kb3 Bc8 43. Nxg7 Bd7 44. Nh5 Kd6 45. Be2 Bc8 46. Ng3 Nf4 47.
Ne4+ Ke7 48. Bf1 Be6+ 49. Ka3 Bc8 50. Nc5 Ng6 51. Bxa6 Bxa6 52. Nxa6 Kd6 53. Nc5
Nxh4 54. a6 Nxf3 55. a7 Kd5 1-0

[Event "Chess Stars 5.0 Blitz"]
[Site "Moscow RUS"]
[Date "2025.06.29"]
[Round "4.3"]
[White "Lagno, Kateryna"]
[Black "Sadhwani, Raunak"]
[Result "1-0"]
[WhiteTitle "GM"]
[BlackTitle "GM"]
[WhiteElo "2515"]
[BlackElo "2672"]
[WhiteFideId "14109336"]
[BlackFideId "35093487"]
[EventDate "2025.06.29"]

1. e4 c5 2. Nf3 Nc6 3. d4 cxd4 4. Nxd4 Nf6 5. Nc3 d6 6. Be2 e5 7. Nf3 Be7 8. O-O
h6 9. Re1 O-O 10. h3 Be6 11. Bf1 Rc8 12. b3 Qa5 13. Bd2 Qc7 14. Nb5 Qb8 15. c4
Nd7 16. Be3 f5 17. exf5 Bxf5 18. Qd2 Nf6 19. Nc3 Kh8 20. Rad1 Bh7 21. Nh2 a6 22.
Ng4 Rcd8 23. Nxf6 Bxf6 24. Nd5 Ne7 25. Bb6 Rc8 26. a4 Nxd5 27. Qxd5 Rc6 28. a5
Bg8 29. Qd3 Bh7 30. Qd5 Bg8 31. Qd3 Qc8 32. g3 Bh7 33. Qe2 e4 34. Bg2 Re8 35. h4
Bd8 36. Bxd8 Qxd8 37. Qd2 Rc5 38. Qxd6 Qxd6 39. Rxd6 Rxa5 40. Rb6 Re7 41. Rd1
Bf5 42. Rd5 Bg4 43. Rxa5 1-0

[Event "Chess Stars 5.0 Blitz"]
[Site "Moscow RUS"]
[Date "2025.06.29"]
[Round "4.4"]
[White "Assaubayeva, Bibisara"]
[Black "Radjabov, Teimour"]
[Result "1-0"]
[WhiteTitle "IM"]
[BlackTitle "GM"]
[WhiteElo "2509"]
[BlackElo "2692"]
[WhiteFideId "13708694"]
[BlackFideId "13400924"]
[EventDate "2025.06.29"]

1. e4 c5 2. Nf3 Nc6 3. Nc3 e5 4. Bc4 Be7 5. d3 d6 6. Nd2 Nf6 7. Nf1 Bg4 8. f3
Be6 9. Ne3 O-O 10. O-O Rb8 11. a4 Nb4 12. Qe2 a6 13. a5 Re8 14. Bd5 Nc6 15. Nc4
Nd4 16. Qf2 Bxd5 17. Nxd5 Nxd5 18. exd5 Bh4 19. g3 Bf6 20. Be3 Nf5 21. c3 g6 22.
Bd2 Bg7 23. Rae1 Ne7 24. Nb6 Nc8 25. Nc4 b5 26. axb6 Nxb6 27. Na5 Qd7 28. c4 f5
29. b3 Nc8 30. Bc3 Qc7 31. Ra1 Ne7 32. f4 e4 33. Bxg7 Kxg7 34. Rfe1 Ng8 35. dxe4
fxe4 36. Qb2+ Nf6 37. Nc6 Rb6 38. Re3 Kf7 39. Rae1 a5 40. Qc3 Ra6 41. h3 a4 42.
bxa4 Rxa4 43. g4 Ra2 44. g5 Nh5 45. Rxe4 Rxe4 46. Rxe4 Qb6 47. Re7+ Kg8 48. Re8+
Kf7 49. Re1 Qb2 50. Qxb2 Rxb2 51. Re6 Rc2 52. Rxd6 Rxc4 53. Ne5+ 1-0

[Event "Chess Stars 5.0 Blitz"]
[Site "Moscow RUS"]
[Date "2025.06.29"]
[Round "4.5"]
[White "Tomashevsky, Evgeny"]
[Black "Artemiev, Vladislav"]
[Result "1/2-1/2"]
[WhiteTitle "GM"]
[BlackTitle "GM"]
[WhiteElo "2681"]
[BlackElo "2676"]
[WhiteFideId "4147235"]
[BlackFideId "24101605"]
[EventDate "2025.06.29"]

1. d4 Nf6 2. c4 e6 3. Nf3 d5 4. Nc3 Nbd7 5. Bg5 h6 6. Bh4 Be7 7. e3 O-O 8. Qc2
c6 9. cxd5 Nxd5 10. Bxe7 Qxe7 11. a3 N5f6 12. Bd3 c5 13. O-O cxd4 14. Nxd4 Ne5
15. Ne4 Nxd3 16. Qxd3 Bd7 17. Nxf6+ Qxf6 18. Rac1 Qe5 19. Nf3 Qb5 20. Qxb5 Bxb5
21. Rfd1 Rfc8 22. Nd4 Ba4 23. b3 Bd7 24. Kf1 Kf8 25. Ne2 Ke7 26. Ke1 e5 27. Rxc8
Rxc8 28. Rc1 Bc6 29. f3 f5 30. Nc3 Rd8 31. Rd1 Rc8 32. Rc1 Rg8 33. h4 g5 34.
hxg5 hxg5 35. Kf2 Rh8 36. Rd1 Ke6 37. e4 f4 38. Nd5 a5 39. Nc7+ Kf7 40. b4 axb4
41. axb4 Rc8 42. Nd5 Ra8 43. Nc3 Ra3 44. Rc1 Rb3 45. b5 Bxb5 46. Nxb5 Rxb5 47.
Rc7+ Ke6 48. Rg7 Kf6 49. Rc7 Rb2+ 50. Kg1 g4 51. fxg4 Rb4 52. Kf2 Kg5 53. Re7
Rxe4 54. Rg7+ Kh4 55. Rxb7 Ra4 56. Rh7+ Kxg4 57. Rg7+ Kf5 58. Rb7 Ra2+ 59. Kf1
e4 60. Rb8 Ra1+ 61. Ke2 Ra2+ 62. Kf1 Ke5 63. Rd8 Ra5 64. Ke2 Ra2+ 65. Kf1 Rc2
66. Rd7 Kf5 67. Rd8 Rc1+ 68. Ke2 Rc6 69. Rf8+ Rf6 70. Ra8 Rg6 71. Kf2 e3+ 72.
Kf1 Rd6 73. Re8 Rd1+ 74. Ke2 Rd2+ 75. Kf1 Rf2+ 76. Kg1 Ra2 77. Kf1 Kf6 78. Re4
Kg5 79. Re8 Ra1+ 80. Ke2 Ra6 81. Kf3 Ra2 82. Re5+ Kf6 83. Kxf4 e2 84. Re8 Kf7
85. Re5 Kf6 86. Re8 e1=Q 87. Rxe1 Rxg2 88. Ke4 1/2-1/2

[Event "Chess Stars 5.0 Blitz"]
[Site "Moscow RUS"]
[Date "2025.06.29"]
[Round "5.1"]
[White "Artemiev, Vladislav"]
[Black "Gunina, Valentina"]
[Result "1-0"]
[WhiteTitle "GM"]
[BlackTitle "GM"]
[WhiteElo "2676"]
[BlackElo "2416"]
[WhiteFideId "24101605"]
[BlackFideId "4167570"]
[EventDate "2025.06.29"]

1. c4 c6 2. Nc3 d5 3. e3 Nf6 4. Nf3 e6 5. d4 Nbd7 6. Bd3 Bd6 7. e4 dxe4 8. Nxe4
Bb4+ 9. Bd2 Bxd2+ 10. Qxd2 Nxe4 11. Bxe4 Nf6 12. Bc2 b6 13. O-O O-O 14. Rfd1 Qc7
15. Qe3 c5 16. Qe5 Qxe5 17. dxe5 Nh5 18. g3 Bb7 19. Ng5 h6 20. Bh7+ Kh8 21. Be4
Bxe4 22. Nxe4 f5 23. exf6 Nxf6 24. Nd6 Ng4 25. Rd2 Ne5 26. Kg2 Nf3 27. Rd3 Nd4
28. Re1 a6 29. Ne4 a5 30. Nc3 Rad8 31. Re4 Kg8 32. Rd1 Kf7 33. Rde1 Rd6 34. Rf4+
Kg8 35. Ne4 Rdd8 36. Rxf8+ Kxf8 37. Rd1 Ke7 38. Nc3 g5 39. h3 Rf8 40. Na4 Rb8
41. Rh1 Kd6 42. Nc3 Rf8 43. h4 g4 44. h5 Ke5 45. Rh4 Kf5 46. Nd1 Kg5 47. Ne3 Nf5
48. Rxg4+ Kxh5 49. Re4 Nxe3+ 50. Rxe3 Rf6 51. Rb3 e5 52. Re3 Re6 53. Kf3 Kg5 54.
Ke4 Rd6 55. Kxe5 Rd2 56. f4+ Kg4 57. Rb3 Rd4 58. Rxb6 Rxc4 59. Rxh6 Kxg3 60. f5
Rc2 61. Rb6 Kg4 62. f6 Re2+ 63. Kd5 Kg5 64. Kxc5 Kg6 65. Rb5 a4 66. a3 Kxf6 67.
Rb4 Ke6 68. Kb5 Kd6 69. Kxa4 Kc5 70. Rb5+ Kc6 71. Rb3 Re4+ 72. Rb4 Re3 73. Rc4+
Kb6 74. Kb4 Re2 75. b3 Re5 76. a4 Rh5 77. Rg4 Rh6 78. a5+ Ka6 79. Ka4 Rh1 80.
Rg6+ Ka7 81. b4 Rh5 82. Rg7+ Ka6 83. b5+ 1-0

[Event "Chess Stars 5.0 Blitz"]
[Site "Moscow RUS"]
[Date "2025.06.29"]
[Round "5.2"]
[White "Radjabov, Teimour"]
[Black "Tomashevsky, Evgeny"]
[Result "1-0"]
[WhiteTitle "GM"]
[BlackTitle "GM"]
[WhiteElo "2692"]
[BlackElo "2681"]
[WhiteFideId "13400924"]
[BlackFideId "4147235"]
[EventDate "2025.06.29"]

1. d4 Nf6 2. Nf3 d5 3. Bf4 e6 4. Nbd2 c5 5. e3 Qb6 6. Rb1 Bd6 7. Bg3 O-O 8. c3
Qc7 9. dxc5 Qxc5 10. Bd3 Nbd7 11. O-O Bxg3 12. hxg3 b6 13. e4 dxe4 14. Nxe4 Qc7
15. Nd6 Nc5 16. Nxc8 Raxc8 17. Bc2 Rfd8 18. Qe2 g6 19. Rfe1 Rd6 20. Rbd1 Rcd8
21. Rxd6 Rxd6 22. Nd4 Rd5 23. Qf3 Ncd7 24. Bb3 Re5 25. Rd1 Kg7 26. Qf4 Qc5 27.
a3 a6 28. Qf3 Qc7 29. Ba2 h5 30. Qf4 Qc5 31. Qd2 Qc7 32. Nf3 Rf5 33. Re1 Nc5 34.
Qd4 Qd7 35. b4 Na4 36. Bb3 b5 37. c4 Kg8 38. c5 Qc7 39. Qd1 Kg7 1-0